LEADER 01070nam0 22002771i 450 001 UON00089654 005 20231205102503.992 010 $a88-222-2281-4 100 $a20020107d1978 |0itac50 ba 101 $aita 102 $aIT 105 $a|||| ||||| 200 1 $aMiscellaneorum centuria secunda$fA. Poliziano$ga cura di V. Branca e M. Pastore Stocchi. ed. minor 210 $aFirenze$cOlschki$d1978. 124 p. ; 24 cm 606 $aLETTERATURA LATINA UMANISTICA$3UONC026616$2FI 620 $aIT$dFirenze$3UONL000052 700 1$aPOLIZIANO$bAngelo$3UONV122213$038262 702 1$aBRANCA$bV.$3UONV057058 702 1$aPastore Stocchi$bManlio$3UONV057059 712 $aOlschki$3UONV246364$4650 801 $aIT$bSOL$c20250704$gRICA 899 $aSIBA - SISTEMA BIBLIOTECARIO DI ATENEO$2UONSI 912 $aUON00089654 950 $aSIBA - SISTEMA BIBLIOTECARIO DI ATENEO$dSI T 3 POLIT MISC CENT $eSI MC 16860 5 CENT 996 $aMiscellaneorum centuria secunda$9131871 997 $aUNIOR